山东省地级市 - Statistics

General Stats
  • This quiz has been taken 69 times
  • The average score is 15 of 16
Answer Stats
车牌 人口 地级市 % Correct
A 9,415,000 济南
100%
B 10,342,100 青岛
100%
F 7,058,700 烟台
100%
C 4,705,900 淄博
97%
G 9,418,000 潍坊
95%
K 2,917,800 威海
93%
E 2,209,000 东营
92%
J 5,401,000 泰安
90%
L 2,968,300 日照
89%
M 3,918,600 滨州
89%
N 5,574,900 德州
89%
R 8,683,200 菏泽
89%
Q 10,993,100 临沂
87%
D 3,829,700 枣庄
85%
H 8,290,600 济宁
85%
P 5,902,600 聊城
84%
No matching quizzes found
Score Distribution
Percent of People with Each Score
Percentile by Number Answered
Your Score History
You have not taken this quiz